[Event "TCh-FRA Top 12 2014"]
[Site "Saint-Quentin FRA"]
[Date "2014.06.02"]
[Round "10.7"]
[White "Touzane, Olivier"]
[Black "Netzer, Jean"]
[Result "1/2-1/2"]
[WhiteTitle "IM"]
[BlackTitle "IM"]
[WhiteElo "2325"]
[BlackElo "2402"]
[WhiteTeam "Echecs Club Montpellier"]
[BlackTeam "Bischwiller"]
[WhiteFideId "602906"]
[BlackFideId "623350"]
[EventDate "2014.05.24"]

1. d4 d5 2. c4 dxc4 3. Nf3 Nf6 4. e3 e6 5. Bxc4 a6 6. Bb3 c5 7. O-O Nc6 8. Qe2
b5 9. a4 cxd4 10. Rd1 Bd7 11. exd4 Na5 12. Ba2 Be7 13. d5 exd5 14. Re1 Nc6 15.
Nc3 O-O 16. Nxd5 Nxd5 17. Bxd5 Bf6 18. axb5 axb5 19. Rxa8 Qxa8 20. Qxb5 Qb8 21.
Qxb8 Rxb8 22. b3 Na5 23. g4 h6 24. g5 hxg5 25. Bxg5 Rb5 26. Rd1 Be6 27. Bxe6
fxe6 28. Bxf6 gxf6 29. Rd8+ Kf7 30. Rd7+ Ke8 31. Rd6 Rxb3 32. Rxe6+ Kf7 33. Re3
Rxe3 34. fxe3 Ke6 35. Kf2 Nc4 36. h3 Kf5 37. Ke2 Nd6 38. Nd2 Kg5 39. Kf3 Kh4 40.
Kg2 Kg5 41. Nf3+ Kf5 42. Nh2 Kg5 43. Ng4 Nf5 44. Kf3 Nh4+ 45. Kf2 Nf5 46. Kf3
Nh4+ 47. Ke2 Nf5 48. Nf2 Nh4 49. Kd3 Kf5 50. Kd4 Ke6 51. Ke4 f5+ 52. Kf4 Kf6 53.
Kg3 Ng6 54. Nh1 Ne5 55. h4 Ng6 56. Nf2 1/2-1/2

[Event "TCh-FRA Top 12 2014"]
[Site "Saint-Quentin FRA"]
[Date "2014.06.02"]
[Round "10.1"]
[White "Salgado Lopez, Ivan"]
[Black "Swiercz, Dariusz"]
[Result "1/2-1/2"]
[WhiteTitle "GM"]
[BlackTitle "GM"]
[WhiteElo "2627"]
[BlackElo "2608"]
[WhiteTeam "L'Echiquier Chalonnais"]
[BlackTeam "C.E. de Rueil Malmaison"]
[WhiteFideId "2257327"]
[BlackFideId "1126881"]
[EventDate "2014.05.24"]

1. e4 e5 2. Nf3 Nc6 3. Bb5 Nf6 4. O-O Nxe4 5. Re1 Nd6 6. Nxe5 Be7 7. Bf1 Nf5 8.
Nf3 d5 9. d4 O-O 10. c3 Bd6 11. Bd3 h6 12. Nbd2 Qf6 13. Nf1 Be6 14. Bc2 Rae8 15.
Qd3 Qg6 16. Bd2 Nfe7 17. Ne3 Qxd3 18. Bxd3 Nb8 19. Re2 Nd7 20. Rae1 Nf6 21. Nh4
Ne4 22. Bc1 1/2-1/2

[Event "TCh-FRA Top 12 2014"]
[Site "Saint-Quentin FRA"]
[Date "2014.06.02"]
[Round "10.2"]
[White "Renet, Olivier"]
[Black "Sokolov, Ivan"]
[Result "1/2-1/2"]
[WhiteTitle "GM"]
[BlackTitle "GM"]
[WhiteElo "2480"]
[BlackElo "2650"]
[WhiteTeam "C.E. de Rueil Malmaison"]
[BlackTeam "L'Echiquier Chalonnais"]
[WhiteFideId "600040"]
[BlackFideId "14400030"]
[EventDate "2014.05.24"]

1. e4 e5 2. Nf3 Nc6 3. Bb5 a6 4. Ba4 Nf6 5. O-O Be7 6. Re1 b5 7. Bb3 d6 8. c3
O-O 9. h3 Nb8 10. d4 Nbd7 11. Nbd2 Bb7 12. Bc2 Re8 13. Nf1 Bf8 14. Ng3 g6 15. b3
a5 16. d5 c6 17. c4 Nc5 18. Be3 Ba6 19. dxc6 Qc7 20. cxb5 Bxb5 21. Bxc5 dxc5 22.
Bd3 Bxc6 23. Bc4 Bh6 24. Nh2 Red8 25. Qf3 Bf4 26. Ng4 Nxg4 27. Qxg4 Rd6 28. Nf1
Rd4 29. Qh4 Kg7 30. f3 a4 31. Qf2 Qa5 32. Rab1 Rad8 33. Rb2 h5 34. Rbe2 Rd1 35.
Bd5 Rxe1 36. Qxe1 Qxe1 37. Rxe1 Bxd5 38. Rd1 Bxb3 39. Rxd8 Bxa2 40. Kf2 Bb3 41.
Ne3 a3 42. Ra8 Bxe3+ 43. Kxe3 a2 44. h4 c4 45. Kd2 f6 46. Ra7+ Kh6 47. Ra6 Kg7
48. Ra7+ Kf8 49. Kc3 g5 50. g3 gxh4 51. gxh4 Ke8 52. Kd2 Kd8 53. Kc3 Kc8 54. Kb4
Kb8 55. Ra5 Kc7 56. Rc5+ Kd6 57. Rd5+ Ke6 58. Ra5 Kf7 59. Ra7+ Kg6 60. Kc3 Kh6 1/2-1/2

[Event "TCh-FRA Top 12 2014"]
[Site "Saint-Quentin FRA"]
[Date "2014.06.02"]
[Round "10.3"]
[White "Krasenkow, Michal"]
[Black "Williams, Simon K"]
[Result "1/2-1/2"]
[WhiteTitle "GM"]
[BlackTitle "GM"]
[WhiteElo "2635"]
[BlackElo "2465"]
[WhiteTeam "L'Echiquier Chalonnais"]
[BlackTeam "C.E. de Rueil Malmaison"]
[WhiteFideId "1113100"]
[BlackFideId "404454"]
[EventDate "2014.05.24"]

1. d4 e6 2. Nf3 f5 3. g3 Nf6 4. Bg2 Be7 5. O-O O-O 6. c4 d6 7. Nc3 Ne4 8. Nxe4
fxe4 9. Ne1 d5 10. f3 dxc4 11. fxe4 Rxf1+ 12. Bxf1 e5 13. e3 Be6 14. Qa4 Qd7 15.
Qxd7 Nxd7 16. d5 Bf7 17. Bxc4 Bd6 18. Nd3 Bg6 19. Nf2 Nc5 20. Bd2 Nxe4 21. Nxe4
Bxe4 22. Rf1 Rf8 23. Rxf8+ Kxf8 24. Kf2 h5 25. Bc3 Ke7 26. b4 Kf6 27. a3 g6 28.
Bb3 Kf5 29. h3 Bb1 30. Kf3 Be4+ 31. Kf2 g5 32. Bd1 g4 33. hxg4+ hxg4 34. Bb3 b5
35. a4 bxa4 36. Bxa4 Bxd5 37. Bd7+ Kg5 38. b5 Be4 39. Bd2 Bc5 40. Ke2 Bf3+ 41.
Kd3 Kf6 42. Bc3 Bd6 43. Bc8 Kg5 44. e4 Kf6 45. Bd2 Bc5 46. Be1 Ke7 47. Bf5 Bd1
48. Bc8 Bd4 49. Bf5 Kd6 50. Bb4+ c5 51. bxc6+ Kxc6 52. Be1 Kb6 53. Kc4 a5 54.
Kd5 a4 55. Bb4 Bb2 56. Bc5+ Kb7 57. Kd6 a3 58. Bxa3 Bxa3+ 59. Kxe5 Bb2+ 60. Kf4
Bc1+ 61. Ke5 Bg5 62. Bg6 Kc6 63. Kf5 Bh4 64. Bh5 Bxg3 65. Bxg4 Bc2 66. Bh5 Kd6
67. Bf7 Ba4 68. Be6 Bh2 69. Bc8 Bc6 70. Be6 Bb7 71. Bd5 Bc8+ 72. Kf6 Bg3 73. Kg5
Ke5 74. Bc6 Be6 75. Bd5 Bd7 76. Kg6 Bh4 77. Kf7 Bd8 78. Bb7 Bg4 79. Kg6 Bd7 80.
Kf7 Kf4 81. Bd5 Kg5 82. Bb7 Bg4 83. Bd5 1/2-1/2

[Event "TCh-FRA Top 12 2014"]
[Site "Saint-Quentin FRA"]
[Date "2014.06.02"]
[Round "10.4"]
[White "Baron, Tal"]
[Black "Velten, Paul"]
[Result "1-0"]
[WhiteTitle "GM"]
[BlackTitle "IM"]
[WhiteElo "2515"]
[BlackElo "2429"]
[WhiteTeam "C.E. de Rueil Malmaison"]
[BlackTeam "L'Echiquier Chalonnais"]
[WhiteFideId "2809958"]
[BlackFideId "681091"]
[EventDate "2014.05.24"]

1. d4 d5 2. c4 dxc4 3. e4 Nf6 4. e5 Nd5 5. Bxc4 Nb6 6. Bd3 Nc6 7. Be3 Nb4 8. Be4
f5 9. a3 fxe4 10. axb4 Bf5 11. Nc3 e6 12. b5 Bb4 13. Ne2 Qd5 14. O-O Qc4 15. b3
Qd3 16. Qc1 Nd5 17. Nxd5 exd5 18. Ng3 O-O 19. Qxc7 Rf7 20. Qc1 Be6 21. b6 a5 22.
Qd1 Qb5 23. f4 exf3 24. Rxf3 Raf8 25. Rxf7 Rxf7 26. Nh5 Bf5 27. Rc1 Ba3 28. Rc7
Bg4 29. Nf6+ Rxf6 30. Rxg7+ Kh8 31. Rxg4 Rxb6 32. Bg5 Rg6 33. Bf6+ Kg8 34. Rxg6+
hxg6 35. Qg4 Kf7 36. h4 Qxb3 37. Qd7+ Kf8 38. Qd8+ Kf7 39. Qd7+ Kf8 40. Bg5 1-0

[Event "TCh-FRA Top 12 2014"]
[Site "Saint-Quentin FRA"]
[Date "2014.06.02"]
[Round "10.5"]
[White "Sebag, Marie"]
[Black "Dubessay, Bastien"]
[Result "1-0"]
[WhiteTitle "GM"]
[BlackTitle "FM"]
[WhiteElo "2486"]
[BlackElo "2352"]
[WhiteTeam "L'Echiquier Chalonnais"]
[BlackTeam "C.E. de Rueil Malmaison"]
[WhiteFideId "617822"]
[BlackFideId "650048"]
[EventDate "2014.05.24"]

1. e4 c6 2. d4 d5 3. e5 c5 4. dxc5 e6 5. a3 Bxc5 6. b4 Bb6 7. Nf3 a5 8. Bb2 Na6
9. c4 dxc4 10. Qxd8+ Bxd8 11. Bxc4 Bd7 12. Nc3 Rb8 13. Ne4 b5 14. Nd6+ Kf8 15.
Be2 h6 16. Rd1 axb4 17. Nxf7 Kxf7 18. Rxd7+ Ne7 19. axb4 Nxb4 20. Nd4 Ba5 21.
O-O Rhd8 22. Bh5+ g6 23. Bxg6+ Kxg6 24. Rxe7 Nd3 25. Rxe6+ Kh7 26. Ba1 Ra8 27.
Nxb5 Rdb8 28. Nc7 Ra7 29. Nd5 Be1 30. Bd4 Ra2 31. Re7+ Kg6 32. g4 Rb1 33. Kg2
Rb5 34. e6 1-0

[Event "TCh-FRA Top 12 2014"]
[Site "Saint-Quentin FRA"]
[Date "2014.06.02"]
[Round "10.6"]
[White "Camus de Solliers, Guillaume"]
[Black "Dourerassou, Jonathan"]
[Result "0-1"]
[WhiteTitle "FM"]
[BlackTitle "IM"]
[WhiteElo "2351"]
[BlackElo "2502"]
[WhiteTeam "C.E. de Rueil Malmaison"]
[BlackTeam "L'Echiquier Chalonnais"]
[WhiteFideId "631256"]
[BlackFideId "628050"]
[EventDate "2014.05.24"]

1. d4 d5 2. c4 e5 3. e3 dxc4 4. Bxc4 exd4 5. Nf3 Bb4+ 6. Bd2 Bxd2+ 7. Qxd2 Nc6
8. O-O Nf6 9. exd4 O-O 10. d5 Ne7 11. Nc3 a6 12. a4 Qd6 13. h3 Bf5 14. Rfe1 Rad8
15. Rad1 Ng6 16. Qd4 Qb4 17. Bxa6 c5 18. Qxb4 cxb4 19. Bxb7 bxc3 20. bxc3 Bc2
21. Rd4 Nd7 22. Bc6 Nc5 23. a5 Bd3 24. d6 Ba6 25. Rb1 Ne6 26. Rd2 Rb8 27. Rb6
Rxb6 28. axb6 Rb8 29. Rb2 Kf8 30. g3 Nd8 31. Bd5 Bb7 32. Bxb7 Nxb7 33. c4 Ke8
34. Nd4 Kd7 35. Nf5 Rc8 36. Ra2 Rxc4 37. Ra7 Kc6 38. d7 Rc1+ 39. Kg2 Rd1 40.
Nxg7 Rxd7 41. Ra8 Kxb6 42. h4 Nd8 43. Kf3 Kc5 44. Kg4 Kd6 45. Kg5 Ne6+ 46. Kf6
Nxg7 47. Ra6+ Kd5 48. Kxg7 f5+ 49. Kf6 f4 50. h5 Nf8 51. Ra5+ Ke4 52. Ra4+ Kd5
53. Ra8 Ne6 54. Ra5+ Nc5 55. gxf4 Rc7 56. f5 Kd6 57. f3 Nd7+ 58. Kg7 Ne5+ 59.
Kg8 Nc6 60. Ra6 Ke5 61. Ra8 Kxf5 62. Re8 Kg5 63. f4+ Kxf4 64. Re6 Kg5 65. h6 Nd4
66. Re8 Kxh6 67. Rd8 Nf5 68. Kh8 Kg5 69. Rg8+ Kf4 70. Rf8 h5 0-1

[Event "TCh-FRA Top 12 2014"]
[Site "Saint-Quentin FRA"]
[Date "2014.06.02"]
[Round "10.7"]
[White "Favarel, Antoine"]
[Black "Debray, Christopher"]
[Result "1/2-1/2"]
[WhiteTitle "FM"]
[BlackTitle "IM"]
[WhiteElo "2333"]
[BlackElo "2351"]
[WhiteTeam "L'Echiquier Chalonnais"]
[BlackTeam "C.E. de Rueil Malmaison"]
[WhiteFideId "642371"]
[BlackFideId "630810"]
[EventDate "2014.05.24"]

1. d4 Nf6 2. c4 e6 3. Nc3 Bb4 4. e3 O-O 5. Bd3 c5 6. Nf3 b6 7. a3 Bxc3+ 8. bxc3
d5 9. O-O Nc6 10. cxd5 exd5 11. dxc5 bxc5 12. c4 Rb8 13. Qc2 Bg4 14. Ng5 h6 15.
f3 hxg5 16. fxg4 dxc4 17. Bxc4 Ne5 18. h3 Nxc4 19. Qxc4 Qe7 20. Ra2 Ne4 21. Rc2
Rfd8 22. Bb2 Nd2 23. Qc3 Rxb2 24. Rxb2 Nxf1 25. Kxf1 c4 26. Rb4 Rd1+ 27. Ke2 Rd3
28. Qc1 Qe4 29. Rxc4 Rxe3+ 30. Qxe3 Qxc4+ 31. Qd3 Qe6+ 32. Qe3 Qc4+ 33. Kf3 Qd5+
34. Kf2 a5 35. Kg1 Qd8 1/2-1/2

[Event "TCh-FRA Top 12 2014"]
[Site "Saint-Quentin FRA"]
[Date "2014.06.02"]
[Round "10.8"]
[White "Congiu, Mathilde"]
[Black "Donrault, Patrick"]
[Result "1-0"]
[WhiteTitle "WIM"]
[WhiteElo "2279"]
[BlackElo "2195"]
[WhiteTeam "C.E. de Rueil Malmaison"]
[BlackTeam "L'Echiquier Chalonnais"]
[WhiteFideId "634581"]
[BlackFideId "605255"]
[EventDate "2014.05.24"]

1. e4 e6 2. d4 d5 3. Nd2 c5 4. Ngf3 Nc6 5. exd5 exd5 6. Bb5 Bd6 7. dxc5 Bxc5 8.
O-O Ne7 9. Nb3 Bd6 10. Re1 O-O 11. Bg5 h6 12. Bxe7 Bxe7 13. c3 a6 14. Be2 Bf6
15. Nbd4 Nxd4 16. Nxd4 Qb6 17. Qd2 Bxd4 18. cxd4 Be6 19. Bd1 Rac8 20. Bb3 Rc7
21. Rac1 Rfc8 22. Rxc7 Rxc7 23. Re3 Rc8 24. h3 Qc7 25. Rc3 Qd7 26. Rg3 Kh8 27.
Qe1 Qd6 28. Rc3 Rxc3 29. Qxc3 Qd7 30. Qc5 Kg8 31. a4 Qd8 32. a5 Qg5 33. Qc3 h5
34. Bd1 g6 35. Kf1 Bd7 36. Bf3 Bb5+ 37. Kg1 Bc6 38. Qe1 Qf4 39. Qc3 Qf5 40. Kh2
Qf4+ 41. g3 Qf5 42. Qe3 Bd7 43. Bg2 Bc6 44. Qe2 Qf6 45. Qd2 Qf5 46. h4 Qb1 47.
Bf3 Qf5 48. Kg2 Qb1 49. Be2 Qf5 50. Qd3 Qf6 51. Bf3 Qd8 52. Qc3 Qd7 53. Qc5 Kg7
54. Qc1 Qd8 55. Qe1 Kg8 56. Qc3 Kg7 57. Be2 Qd7 58. Qe3 Kg8 59. Qg5 Kh7 60. g4
hxg4 61. h5 Qf5 62. hxg6+ Qxg6 63. Qxg6+ Kxg6 64. Bxg4 Kg5 65. Kg3 f5 66. f4+
Kf6 67. Bf3 Ke6 68. Kh4 Bb5 69. Kg3 Bd3 70. Kf2 Be4 71. Be2 Kd6 72. Ke3 Kc6 73.
Kd2 b5 74. Kc3 Bg2 75. Kb4 Be4 76. Bh5 Bd3 77. Bf7 Kd6 78. Bg6 Be4 79. Bh7 Bd3
80. Kc3 Be4 81. Bg6 Bb1 82. b4 Be4 83. Kd2 Bb1 84. Ke3 Be4 85. Kf2 Bd3 86. Kg3
Be4 87. Kh4 Ke6 88. Kg5 Bd3 89. Be8 Bc4 90. Bg6 Bd3 91. Bh7 Be4 92. Bg8+ Ke7 93.
Kg6 Kf8 94. Be6 Ke7 95. Bxf5 Bf3 96. Bc8 1-0

[Event "TCh-FRA Top 12 2014"]
[Site "Saint-Quentin FRA"]
[Date "2014.06.02"]
[Round "10.1"]
[White "David, Alberto"]
[Black "Rozentalis, Eduardas"]
[Result "0-1"]
[WhiteTitle "GM"]
[BlackTitle "GM"]
[WhiteElo "2579"]
[BlackElo "2618"]
[WhiteTeam "Les Tours de Haute Picardie"]
[BlackTeam "C.E. Strasbourg"]
[WhiteFideId "4000013"]
[BlackFideId "12800023"]
[EventDate "2014.05.24"]

1. e4 e5 2. Bc4 Nf6 3. d3 Be7 4. Nf3 Nc6 5. O-O O-O 6. Re1 d6 7. a4 Be6 8. Nc3
h6 9. h3 a5 10. Nd5 Nb4 11. Nxe7+ Qxe7 12. b3 Bxc4 13. bxc4 b6 14. Nh4 Qe6 15.
Nf5 Kh7 16. f4 Ng8 17. c3 Na6 18. Ra2 g6 19. Ng3 exf4 20. Bxf4 Rae8 21. Rae2 Qf6
22. Bd2 Qh4 23. Re3 Nc5 24. Rf3 Qe7 25. d4 Nd7 26. Rf4 f6 27. Ref1 Qf7 28. Rh4
Re7 29. Qc1 Qg7 30. Rf3 Rfe8 31. Kh2 Nf8 32. Rg4 Qf7 33. Qf1 Nd7 34. Rh4 Qf8 35.
Bc1 Kh8 36. Ba3 Qg7 37. Bc1 Qf8 38. Bd2 Qg7 39. Rg4 Qh7 40. Rgf4 Qg7 41. Rf2 Qh7
42. Qd1 f5 43. Rh4 fxe4 44. Qf1 Qg7 45. Nxe4 Rf8 46. Rxf8 Nxf8 47. Qc1 Nh7 48.
Ng3 h5 49. c5 Ngf6 50. cxd6 cxd6 51. c4 Re8 52. d5 Nd7 53. Ne4 Qe7 54. Bc3+ Ne5
55. Rf4 Kg8 56. Qf1 Rc8 57. Kh1 Nd7 58. Rf7 Qxf7 59. Qxf7+ Kxf7 60. Nxd6+ Kf8
61. Nxc8 Ng5 62. Bd4 Ne4 63. Nxb6 Ndc5 0-1

[Event "TCh-FRA Top 12 2014"]
[Site "Saint-Quentin FRA"]
[Date "2014.06.02"]
[Round "10.2"]
[White "Baklan, Vladimir"]
[Black "Pelletier, Yannick"]
[Result "1-0"]
[WhiteTitle "GM"]
[BlackTitle "GM"]
[WhiteElo "2636"]
[BlackElo "2577"]
[WhiteTeam "C.E. Strasbourg"]
[BlackTeam "Les Tours de Haute Picardie"]
[WhiteFideId "14102196"]
[BlackFideId "1301837"]
[EventDate "2014.05.24"]

1. e4 e6 2. d4 d5 3. Nd2 Be7 4. e5 c5 5. c3 Nc6 6. Bd3 cxd4 7. cxd4 Nh6 8. Ne2
f6 9. exf6 Bxf6 10. Nf3 Nf7 11. O-O O-O 12. Nf4 g6 13. Be3 e5 14. dxe5 Nfxe5 15.
Be2 Nxf3+ 16. Bxf3 d4 17. Bd2 Kh8 18. Rc1 Ne5 19. Be4 Bg7 20. Qb3 Qb6 21. h3
Qxb3 22. axb3 Rb8 23. Rc7 Nd7 24. Ne6 Re8 25. Ng5 Nf6 26. Bf3 Kg8 27. Rfc1 Bf5
28. Bxb7 Re2 29. Bf4 Rbe8 30. Ba6 Re1+ 31. Rxe1 Rxe1+ 32. Kh2 h6 33. Bc4+ Kh8
34. Nf7+ Kh7 35. Nxh6 Be6 36. Bxe6 Rxe6 37. Nf7 Kg8 38. Ng5 Re8 39. Rxa7 Nd5 40.
Bd2 Re2 41. Ra8+ Bf8 42. Nf3 Nc7 43. Rd8 Rxf2 44. Rxd4 Nb5 45. Rd8 Kf7 46. Ng5+
Ke7 47. Rd5 Ke8 48. Ne4 Re2 49. Re5+ Kd8 50. Rxb5 1-0

[Event "TCh-FRA Top 12 2014"]
[Site "Saint-Quentin FRA"]
[Date "2014.06.02"]
[Round "10.3"]
[White "Bunzmann, Dimitrij"]
[Black "Nataf, Igor-Alexandre"]
[Result "1/2-1/2"]
[WhiteTitle "GM"]
[BlackTitle "GM"]
[WhiteElo "2464"]
[BlackElo "2541"]
[WhiteTeam "Les Tours de Haute Picardie"]
[BlackTeam "C.E. Strasbourg"]
[WhiteFideId "4634284"]
[BlackFideId "605492"]
[EventDate "2014.05.24"]

1. d4 Nf6 2. Nf3 g6 3. Bf4 Bg7 4. e3 O-O 5. Be2 d6 6. h3 Nfd7 7. Bh2 e5 8. c4
Nc6 9. Nc3 Kh8 10. O-O f5 11. Nd5 g5 12. dxe5 dxe5 13. Qc2 Ne7 14. Rfd1 Ng6 15.
Ne1 c6 16. Nc3 Qe7 17. Qd2 Qf7 18. Qd6 Re8 19. e4 f4 20. Rab1 Nf6 21. b4 h5 22.
f3 Bf8 23. Qd3 Qh7 24. Rd2 Be7 25. Nd1 g4 26. hxg4 hxg4 27. fxg4 Bxg4 28. Nf2
Rad8 29. Qc3 Rxd2 30. Qxd2 Be6 31. Nf3 Ng4 32. Nxg4 Bxg4 33. Ng5 Qh5 34. Bxg4
Qxg4 35. Nf3 Rd8 36. Qc3 Bf6 37. Kf1 Nh4 38. Nxh4 Bxh4 39. Qf3 Qxf3+ 40. gxf3
Rd2 41. Bg1 Rxa2 42. b5 Rc2 43. Bxa7 1/2-1/2

[Event "TCh-FRA Top 12 2014"]
[Site "Saint-Quentin FRA"]
[Date "2014.06.02"]
[Round "10.4"]
[White "Vaisser, Anatoly"]
[Black "Kveinys, Aloyzas"]
[Result "1-0"]
[WhiteTitle "GM"]
[BlackTitle "GM"]
[WhiteElo "2531"]
[BlackElo "2547"]
[WhiteTeam "C.E. Strasbourg"]
[BlackTeam "Les Tours de Haute Picardie"]
[WhiteFideId "603252"]
[BlackFideId "12800040"]
[EventDate "2014.05.24"]

1. d4 Nf6 2. c4 e6 3. Nc3 Bb4 4. e3 O-O 5. Ne2 c6 6. a3 Ba5 7. Ng3 d5 8. Bd3
Bxc3+ 9. bxc3 b6 10. cxd5 cxd5 11. e4 dxe4 12. Nxe4 Bb7 13. Bg5 Nbd7 14. Qf3
Bxe4 15. Bxe4 Rc8 16. Bb7 Rc7 17. O-O e5 18. Rfe1 h6 19. Bd2 Re8 20. Bc6 exd4
21. Rxe8+ Nxe8 22. Bf4 Rc8 23. cxd4 Qe7 24. h3 Ndf6 25. Kf1 Qe6 26. d5 Qf5 27.
g4 Qg6 28. d6 Rd8 29. Rd1 Nd7 30. Kg2 Nef6 31. Re1 Nc5 32. Re7 Nfd7 33. Bg3 a5
34. Qf5 Qxf5 35. gxf5 Nf6 36. f3 Kf8 37. Ra7 Nh5 38. Bh2 Nd3 39. Kf1 Nhf4 40. d7
Ke7 41. Bb5 g5 42. fxg6 fxg6 43. Rb7 g5 44. Rxb6 Ne5 45. Rxh6 Nxf3 46. Bxf4 gxf4
47. Rh5 Nd4 48. Ba4 Ne6 49. Rxa5 Kd6 50. Ra6+ Ke7 51. Rb6 Rh8 52. Bd1 Ra8 53.
Bf3 Rxa3 54. Rxe6+ Kxd7 55. Bg4 Rf3+ 56. Ke2 Rg3 57. Rf6+ Ke7 58. Rxf4 Ra3 59.
Kf2 Ra8 60. Kg3 Rf8 61. Ra4 Kf6 62. h4 Kg6 63. h5+ Kh6 64. Ra6+ Kg7 65. Rg6+ Kh7
66. Kh4 Kh8 67. Be6 Re8 68. Kg5 Kh7 69. Rf6 Kg7 70. Rf7+ Kh8 71. Kf6 Rg8 72. Bd5
Rd8 73. Be4 Rd6+ 74. Kg5 Kg8 75. Rc7 Rd8 76. Bf5 Re8 77. Kf6 Kh8 78. Rh7+ Kg8
79. Rg7+ Kh8 80. Rb7 Rf8+ 81. Kg5 Rg8+ 82. Bg6 Rg7 83. Rb1 Rg8 84. h6 Rd8 85. h7
Rc8 86. Bf5 Rf8 87. Rb6 Kg7 88. Rh6 Kh8 89. Be6 Re8 90. Kf6 Rf8+ 91. Ke7 Ra8 92.
Rh1 Ra7+ 93. Bd7 Rb7 94. Rd1 Ra7 95. Rd2 Rb7 96. Rd4 Ra7 97. Rd5 Rb7 98. Rd2 Ra7
99. Ke8 Rb7 100. Bf5 Rb8+ 101. Ke7 Rb7+ 102. Kf6 Rf7+ 103. Kg5 Rf8 104. Re2 Rd8
105. Be6 Rd1 106. Rg2 Rf1 107. Bf5 Rh1 108. Ra2 Rg1+ 109. Kf4 Rf1+ 110. Ke4 1-0

[Event "TCh-FRA Top 12 2014"]
[Site "Saint-Quentin FRA"]
[Date "2014.06.02"]
[Round "10.5"]
[White "Eliet, Nicolas"]
[Black "Sanikidze, Tornike"]
[Result "0-1"]
[WhiteTitle "IM"]
[BlackTitle "GM"]
[WhiteElo "2402"]
[BlackElo "2514"]
[WhiteTeam "Les Tours de Haute Picardie"]
[BlackTeam "C.E. Strasbourg"]
[WhiteFideId "602302"]
[BlackFideId "13602608"]
[EventDate "2014.05.24"]

1. d4 d6 2. Nf3 g6 3. c4 Bg7 4. Nc3 Bg4 5. e3 Nf6 6. Qb3 Qc8 7. Be2 O-O 8. h3
Bf5 9. g4 Bd7 10. e4 c5 11. dxc5 dxc5 12. g5 Ne8 13. Be3 b6 14. O-O-O Nc6 15. h4
f5 16. exf5 Bxf5 17. Nd2 Nd6 18. f3 Nb4 19. Nce4 a5 20. a4 Qe6 21. Bd3 Bxe4 22.
Bxe4 Nxe4 23. fxe4 0-1

[Event "TCh-FRA Top 12 2014"]
[Site "Saint-Quentin FRA"]
[Date "2014.06.02"]
[Round "10.6"]
[White "Vitoux, Colomban"]
[Black "Benmesbah, Natacha"]
[Result "0-1"]
[WhiteTitle "IM"]
[BlackTitle "WIM"]
[WhiteElo "2402"]
[BlackElo "2187"]
[WhiteTeam "C.E. Strasbourg"]
[BlackTeam "Les Tours de Haute Picardie"]
[WhiteFideId "628549"]
[BlackFideId "642002"]
[EventDate "2014.05.24"]

1. e4 c5 2. Nf3 Nc6 3. Bb5 Nf6 4. e5 Nd5 5. O-O g6 6. Nc3 Nc7 7. Bxc6 dxc6 8.
Ne4 Ne6 9. d3 Bg7 10. Be3 b6 11. Qd2 Nd4 12. Nxd4 cxd4 13. Bh6 O-O 14. Rae1 c5
15. h4 Qd5 16. Bxg7 Kxg7 17. Qg5 Qe6 18. h5 h6 19. Qh4 g5 20. Qh2 Kh7 21. f4
gxf4 22. Rxf4 Rg8 23. Qh4 Bb7 24. Kh2 Bxe4 25. Rexe4 Rg5 26. g4 Rag8 27. b3 R8g7
28. Qf2 Rxe5 29. Rxe5 Qxe5 30. Kh3 Qd5 31. Re4 e6 32. Qf6 Qg5 33. Rf4 Kg8 34. a3
Qxf6 35. Rxf6 Rg5 36. Kh4 Kg7 37. Rf1 f5 38. gxf5 exf5 39. Re1 Kf6 40. Re8 Rg4+
41. Kh3 Kg5 42. Ra8 Kxh5 43. Rxa7 f4 44. Rb7 Rg3+ 45. Kh2 Kg4 46. Rxb6 Kf3 47.
b4 cxb4 48. Rxb4 Rg2+ 49. Kh3 Rg5 50. Kh2 Ke3 51. Rb6 f3 52. Re6+ Kd2 53. Rf6
Ke2 54. Re6+ Kf1 55. Rxh6 f2 56. Rh4 Rg2+ 0-1

[Event "TCh-FRA Top 12 2014"]
[Site "Saint-Quentin FRA"]
[Date "2014.06.02"]
[Round "10.7"]
[White "Geenen, Marc"]
[Black "Heinz, Timothee"]
[Result "0-1"]
[WhiteTitle "FM"]
[BlackTitle "FM"]
[WhiteElo "2228"]
[BlackElo "2322"]
[WhiteTeam "Les Tours de Haute Picardie"]
[BlackTeam "C.E. Strasbourg"]
[WhiteFideId "200085"]
[BlackFideId "623369"]
[EventDate "2014.05.24"]

1. e4 e6 2. d4 d5 3. Nd2 Be7 4. c3 c5 5. dxc5 Bxc5 6. Bd3 Nf6 7. Qe2 Nc6 8. Ngf3
O-O 9. O-O Bb6 10. b4 d4 11. Bb2 dxc3 12. Bxc3 Nd4 13. Qd1 Nxf3+ 14. Nxf3 Bd7
15. Qe2 Rc8 16. Rac1 Qe7 17. Ne5 Rfd8 18. Nxd7 Nxd7 19. e5 Nf8 20. Be4 Rc7 21.
Qb2 Rcd7 22. a3 Ng6 23. g3 Bd4 24. Bxg6 hxg6 25. Bxd4 Rxd4 26. Qc3 Qd7 27. Qc7
Qb5 28. Rc5 Qe2 29. Rcc1 R4d7 30. Qc3 Rd2 31. Qc7 Qa6 32. b5 Qxb5 33. Rb1 Qa4
34. Qxb7 Qxa3 35. Ra1 Ra2 36. Rxa2 Qxa2 37. Rc1 a5 38. Rc7 Rf8 39. Kg2 a4 40.
Qb5 Ra8 41. Rxf7 Qd5+ 42. Qxd5 exd5 43. Rb7 a3 44. Rb1 a2 45. Ra1 g5 46. f4 gxf4
47. gxf4 g6 48. Kf3 Kf7 49. Ke3 Ke6 50. Kd4 Ra7 51. Kc3 Kf5 52. Kb3 Kxf4 53. e6
Ke5 54. e7 Rxe7 55. Rxa2 Rb7+ 56. Kc3 d4+ 57. Kd3 Rb3+ 58. Ke2 Rh3 59. Ke1 Ke4
60. Ra6 Rh6 61. h4 Ke3 62. Re6+ Kd3 63. h5 Rxh5 64. Rxg6 Rh1+ 65. Kf2 Kd2 66.
Kf3 d3 67. Ke4 Rh4+ 68. Kf3 Rh8 69. Ke4 Re8+ 70. Kd4 Rd8+ 71. Ke4 Kc2 72. Rc6+
Kd1 73. Ke3 d2 74. Ra6 Ke1 75. Rh6 Re8+ 76. Kd4 0-1

[Event "TCh-FRA Top 12 2014"]
[Site "Saint-Quentin FRA"]
[Date "2014.06.02"]
[Round "10.8"]
[White "Nicoara, Malina"]
[Black "Cappon, John"]
[Result "0-1"]
[WhiteTitle "WIM"]
[WhiteElo "2108"]
[BlackElo "2238"]
[WhiteTeam "C.E. Strasbourg"]
[BlackTeam "Les Tours de Haute Picardie"]
[WhiteFideId "604631"]
[BlackFideId "608459"]
[EventDate "2014.05.24"]

1. d4 Nf6 2. c4 e6 3. Nc3 Bb4 4. Bd2 O-O 5. Nf3 b6 6. e3 Bb7 7. Bd3 d5 8. cxd5
exd5 9. O-O Nbd7 10. Rc1 a6 11. Qc2 Qe7 12. Ne2 Bd6 13. Ng3 g6 14. Bc3 Rac8 15.
Nd2 Rfe8 16. Rfe1 b5 17. a3 c5 18. dxc5 Nxc5 19. Nf3 Na4 20. Qd2 Nxc3 21. Rxc3
b4 22. Rxc8 Rxc8 23. a4 Qc7 24. Nd4 Nd7 25. Nge2 Bxh2+ 26. Kh1 Bd6 27. b3 Ne5
28. Bb1 Ng4 29. f3 Ne5 30. Rc1 Qe7 31. Rxc8+ Bxc8 32. Qc1 Bd7 33. Kg1 h5 34. Nf4
Qh4 35. Nxd5 Ng4 36. Qc2 Qe1# 0-1

[Event "TCh-FRA Top 12 2014"]
[Site "Saint-Quentin FRA"]
[Date "2014.06.03"]
[Round "11.1"]
[White "Nataf, Igor-Alexandre"]
[Black "Istratescu, Andrei"]
[Result "1/2-1/2"]
[WhiteTitle "GM"]
[BlackTitle "GM"]
[WhiteElo "2541"]
[BlackElo "2667"]
[WhiteTeam "C.E. Strasbourg"]
[BlackTeam "Evry Grand Roque"]
[WhiteFideId "605492"]
[BlackFideId "1200372"]
[EventDate "2014.05.24"]

1. e4 e5 2. Nf3 Nc6 3. d4 exd4 4. Nxd4 Bc5 5. Nxc6 bxc6 6. Bd3 Qh4 7. Qe2 Nf6 8.
h3 d5 9. exd5+ Kd8 10. O-O Bxh3 11. Qe5 Bxg2 12. Kxg2 Bd6 13. Qf5 Qh2+ 14. Kf3
Re8 15. Bg5 Qh5+ 16. Kg2 Qh2+ 17. Kf3 Qh5+ 18. Kg2 Qh2+ 19. Kf3 Qh5+ 20. Kg2 Re5 1/2-1/2